[Event "Ourense Campus 6th"]
[Site "Ourense"]
[Date "2019.07.04"]
[Round "5.10"]
[White "Ruiz De Almiron Lomo, Luis"]
[Black "Vidal del Rio, Manuel"]
[Result "1-0"]
[WhiteElo "1629"]
[BlackElo "2124"]
[PlyCount "79"]
[EventDate "2019.07.01"]
[EventType "swiss"]
[EventRounds "9"]
[EventCountry "ESP"]
[SourceTitle "EXT 2024"]
[Source "ChessBase"]
[SourceDate "2023.10.10"]
[SourceVersion "1"]
[SourceVersionDate "2023.10.10"]
[SourceQuality "1"]

1. e4 e5 2. Nf3 Nc6 3. d3 Nf6 4. g3 Bc5 5. Bg2 d6 6. 0-0 Bg4 7. Nbd2 Qd7 8. c3 a6 9. b4 Ba7 10. a4 Ne7 11. Qb3 0-0 12. Nc4 b5 13. Ne3 Be6 14. Qc2 h6 15. d4 Ng6 16. Rd1 Ng4 17. Nf5 Qe8 18. h3 Nf6 19. h4 Bb6 20. a5 Ba7 21. Bh3 Bc4 22. d5 Ne7 23. Ne3 Nd7 24. Nxc4 bxc4 25. Qe2 f5 26. Qxc4 fxe4 27. Qxe4 Nf6 28. Be6+ Kh8 29. Qe2 Qh5 30. Ra2 Nexd5 31. Bxd5 Nxd5 32. Rxd5 Rxf3 33. Rd3 Raf8 34. Be3 e4 35. Rd4 Bxd4 36. Bxd4 Qd5 37. Rd2 Qc6 38. Rc2 R8f5 39. Qd2 Qc4 40. Qxh6+ 1-0

[Event "ESP-chT U16"]
[Site "Benidorm"]
[Date "2012.12.06"]
[Round "2"]
[White "Abal Cores, Lucas"]
[Black "Ruiz De Almiron Lomo, Luis"]
[Result "1-0"]
[WhiteElo "1965"]
[BlackElo "1625"]
[PlyCount "51"]
[EventDate "2012.12.06"]
[EventType "team-swiss"]
[EventRounds "6"]
[EventCountry "ESP"]
[SourceTitle "EXT 2022"]
[Source "ChessBase"]
[SourceDate "2021.10.06"]
[SourceVersion "1"]
[SourceVersionDate "2021.10.06"]
[SourceQuality "1"]
[WhiteTeam "Sanxenxo Fontecarmoa"]
[BlackTeam "Ourense"]
[WhiteTeamCountry "ESP"]
[BlackTeamCountry "ESP"]

1. e4 c6 2. d4 g6 3. Nf3 Bg7 4. c3 d5 5. Nbd2 Bg4 6. h3 Bxf3 7. Qxf3 e6 8. Bd3 Ne7 9. 0-0 0-0 10. Re1 Nd7 11. e5 c5 12. Qf4 Nc6 13. Nf3 Qc7 14. Qh4 h5 15. g4 Qd8 16. Bg5 f6 17. exf6 Bxf6 18. Rxe6 Kg7 19. gxh5 Rh8 20. h6+ Kf7 21. Bxf6 Nxf6 22. Ng5+ Kg8 23. Bxg6 Qd7 24. Rxf6 Qe7 25. h7+ Kg7 26. Ne6+ 1-0